Cargando...

Physiology and Pathophysiology of Plasma Protein Metabolism : Vol. 12

Detalles Bibliográficos
Autores principales: G Birke, R Norberg
Formato: Printed Book
Lenguaje:Undetermined
Publicado: Oxfaord 1969
Pergamon Press
Materias:
LEADER 00672nam a2200241Ia 4500
008 141122s9999 xx 000 0 und d
040 |c . 
041 |a English 
082 |a 616.07 
082 |b BIR/PH 
100 |a G Birke  
100 |a R Norberg  
245 |a Physiology and Pathophysiology of Plasma Protein Metabolism : Vol. 12 
245 |c G Birke  
260 |b Oxfaord 
260 |b Pergamon Press 
260 |c 1969 
300 |a 264 Pages 
500 |a Closed 
650 |a Pathology 
942 |c BK 
999 |c 19253  |d 19253 
952 |0 0  |1 0  |4 0  |6 616_070000000000000_BIRPH  |7 0  |9 18916  |a COVAS  |b COVAS  |d 0000-00-00  |o 616.07 BIR/PH  |p 12072  |r 2014-11-26  |w 2014-11-26  |y BK